Estudio de prefactibilidad para el desarrollo y comercio de máquinas desgranadoras en el municipio de Estelí, departamento de Estelí, Nicaragua

El estudio pretende obtener las bases para evaluar riesgos y beneficios en la comercialización de la maquina desgranadora, así como dar a conocer los beneficios del uso de esta máquina para los productores de la zona de Estelí

Bibliographic Details
Main Authors: Calderón Moreno, Jeimyl Elena, Espinoza Tinoco, Elsania Arecely
Other Authors: Tutor: Alvarado Munguía, Aldo
Format: Tesis Section = Libro
Language:Undetermined
Spanish
Published: Managua UNI 2009
Subjects:
LEADER 01109nam a2200265Ia 4500
008 240830s9999 xx 000 0 und d
040 |a BIBLIOTECA-RUPAP T.Mon 635.67 C146 
041 |a spa 
082 |a T.Mon 635.67 C146 
100 1 |a Calderón Moreno, Jeimyl Elena 
100 1 |b  Espinoza Tinoco, Elsania Arecely 
245 1 0 |a Estudio de prefactibilidad para el desarrollo y comercio de máquinas desgranadoras en el municipio de Estelí, departamento de Estelí, Nicaragua 
260 |a Managua  |b UNI  |c 2009 
300 |a 91 p. :il. 
500 |a Contiene: anexos. 
502 |a Tesis (Ingeniero Agrícola)- UNI, 2009. 
520 3 |a El estudio pretende obtener las bases para evaluar riesgos y beneficios en la comercialización de la maquina desgranadora, así como dar a conocer los beneficios del uso de esta máquina para los productores de la zona de Estelí 
650 7 |a MAIZ 
650 7 |b MAQUINAS DESGRANADORAS-MAIZ 
650 7 |c ESTUDIO DE FACTIBILIDAD 
650 7 |d ESTUDIO DE MERCADO 
700 1 |a Tutor:  |b Alvarado Munguía, Aldo 
942 |c BK  |2 ddc 
991 |a TESIS 
999 |c 18473